SPOKEN ENGLISH: MANUAL OF SPEECH AND PHONETICS (Record no. 8989)

MARC details
000 -LEADER
fixed length control field 00805nam a22001697a 4500
003 - CONTROL NUMBER IDENTIFIER
control field SGT
020 ## - INTERNATIONAL STANDARD BOOK NUMBER
International Standard Book Number 9788125050858
082 ## - DEWEY DECIMAL CLASSIFICATION NUMBER
Classification number 421,BAN
100 ## - MAIN ENTRY--PERSONAL NAME
Personal name BANSAL,R.K
245 ## - TITLE STATEMENT
Title SPOKEN ENGLISH: MANUAL OF SPEECH AND PHONETICS
250 ## - EDITION STATEMENT
Edition statement 4TH
260 ## - PUBLICATION, DISTRIBUTION, ETC. (IMPRINT)
Place of publication, distribution, etc NEW DELHI
Name of publisher, distributor, etc ORIENT BLACKSWAN PRIVATE LTD.
Year of Publication 2013
300 ## - PAGE DESCRIPTION
No. of Pages 220
650 ## - SUBJECT ADDED ENTRY--TOPICAL TERM
Topical term or geographic name as entry element ENGLISH WRITING SYSTEM & PHONOLOGY
653 ## - KEYWORDS--INDEX TERM
Keyword term PART I - PHONETICS AND SPOKEN ENGLISH 1. INTRODUCTION 2. THE SPEECH MECHANISM 3. THE DESCRIPTION OF SPEECH SOUNDS 4. THE PHONEME; THE SYLLABLE; 5. THE SOUNDS OF ENGLISH - VOWELS 6. THE SOUNDS OF ENGLISH - CONSONANTS 7. WORD ACCENT 8. FEATURES OF CONNECTED SPEECH 9. SUGGESTIONS FOR THE IMPROVEMENT PART II - EXERCISES FOR PRACTICE 1. VOWELS 2. CONSONANTS 3. CONSONANT CLUSTERS 4. CONVERSATIONS
942 ## - ADDED ENTRY ELEMENTS (KOHA)
Source of classification or shelving scheme Dewey Decimal Classification
Koha item type FCM Books
942 ## - ADDED ENTRY ELEMENTS (KOHA)
-- 2
Holdings
Withdrawn status Lost status Source of classification or shelving scheme Damaged status Not for loan Collection code Home library Current library Shelving location Date acquired Vendor Name Cost, normal purchase price SGTU Bill Number Total Checkouts Full call number Accession No. (Barcode) Date last seen Date last borrowed Bill Date Koha item type
    Dewey Decimal Classification     COMMERCE MANAGEMENT SGT Science & Social Sciences Library SGT Science & Social Sciences Library On Display 14/06/2016 UBSPD 195.00 SGTU 362357 4 421,BAN CM353 17/01/2019 02/01/2019 21/10/2014 FCM Books
    Dewey Decimal Classification     COMMERCE MANAGEMENT SGT Science & Social Sciences Library SGT Science & Social Sciences Library On Display 14/06/2016 UBSPD 195.00 SGTU 362357   421,BAN CM354 14/06/2016   21/10/2014 FCM Books
    Dewey Decimal Classification     MASS COMMUNICATION SGT Science & Social Sciences Library SGT Science & Social Sciences Library On Display 03/08/2017 AHUJA BOOKS PUBLISHER 225.00 SGTU 6739 1 820, S15B MC37 27/07/2018 17/07/2018 16/03/2016 Books
    Dewey Decimal Classification     MASS COMMUNICATION SGT Science & Social Sciences Library SGT Science & Social Sciences Library On Display 03/08/2017 AHUJA BOOKS PUBLISHER 225.00 SGTU 6739 2 820, S15B MC38 18/09/2025 12/09/2025 16/03/2016 Books
    Dewey Decimal Classification     MASS COMMUNICATION SGT Science & Social Sciences Library SGT Science & Social Sciences Library On Display 03/08/2017 AHUJA BOOKS PUBLISHER 225.00 SGTU 6739 2 820, S15B MC39 07/08/2018 26/07/2018 16/03/2016 Books
    Dewey Decimal Classification     MASS COMMUNICATION SGT Science & Social Sciences Library SGT Science & Social Sciences Library On Display 03/08/2017 AHUJA BOOKS PUBLISHER 225.00 SGTU 6739 3 820, S15B MC40 19/02/2024 07/02/2024 16/03/2016 Books
    Dewey Decimal Classification     MASS COMMUNICATION SGT Science & Social Sciences Library SGT Science & Social Sciences Library On Display 03/08/2017 AHUJA BOOKS PUBLISHER 225.00 SGTU 6739   820, S15B MC41 03/08/2017   16/03/2016 Books